Devinez la Capitale Mystère #140 - Statistiques

Statistiques générales
  • Ce quiz a été pris 110 fois
  • Le résultat moyen est 29 sur 35
Statistiques - réponses
Type de Réponse Réponse % Correct
Lettre Trouvée A
100%
Lettre Trouvée R
100%
Lettre Trouvée S
100%
Lettre de l'Alphabet N
99%
Lettre Bien Placée A
98%
Lettre de l'Alphabet B
98%
Lettre Trouvée E
98%
Lettre Trouvée I
98%
Lettre Trouvée O
98%
Lettre de l'Alphabet L
96%
Lettre de l'Alphabet M
96%
Lettre de l'Alphabet P
96%
Lettre de l'Alphabet D
95%
Lettre de l'Alphabet T
95%
Lettre de l'Alphabet U
94%
Lettre de l'Alphabet G
92%
Lettre de l'Alphabet C
89%
Lettre de l'Alphabet H
89%
Lettre Bien Placée R
89%
Lettre de l'Alphabet K
84%
Lettre Bien Placée O
83%
Lettre de l'Alphabet W
82%
Lettre Bien Placée E
77%
Lettre de l'Alphabet Y
76%
Lettre de l'Alphabet X
75%
Lettre de l'Alphabet J
72%
Lettre Trouvée V
72%
Lettre de l'Alphabet Z
67%
Lettre Bien Placée I
66%
Lettre de l'Alphabet F
64%
Lettre Bien Placée S
64%
Lettre de l'Alphabet Q
63%
Lettre Bien Placée V
63%
Lettre Bien Placée V
60%
Capitale Mystère Varsovie
60%
Aucun quiz correspondant
Distribution des résultats
% des personnes avec chaque résultat
Percentile par nombre de réponses
Votre historique - résultats
Vous n’avez pas pris ce quiz